Portuguese Political Parties - Statistics

General Stats
  • This quiz has been taken 38 times
  • The average score is 14 of 22
Answer Stats
Main Ideology Party MPs % Correct
Right-wing populism Chega 60/230
100%
Social democracy PS 58/230
96%
Liberal conservatism PSD 89/230
96%
Democratic Socialism BE 1/230
86%
Classical liberalism IL 9/230
86%
Marxism–Leninism PCP 3/230
86%
Environmentalism PAN 1/230
82%
Christian democracy CDS-PP 2/230
79%
Green politics Livre 6/230
75%
Monarchism PPM 0
75%
Pro-Europeanism VP 0
68%
Personalism A 0
61%
Traditional conservatism ADN 0
54%
Portuguese nationalism Ergue-te 0
54%
Regionalism JPP 1/230
54%
Green conservatism MPT 0
46%
Liberalism NC 0
46%
Anti-revisionism PCTP 0
43%
Democratic socialism PTP 0
39%
Trotskyism MAS 0
36%
National conservatism ND 0
32%
Eco-socialism PEV 0
32%
No matching quizzes found
Score Distribution
Percent of People with Each Score
Percentile by Number Answered
Your Score History
You have not taken this quiz